[Event "ROM-ch U12"]
[Site "Calimanesti"]
[Date "2014.04.11"]
[Round "7"]
[White "Voicu, Geani Stefan"]
[Black "Suliman, Reis"]
[Result "0-1"]
[WhiteElo "1001"]
[BlackElo "1021"]
[PlyCount "36"]
[EventDate "2014.04.06"]
[EventType "swiss"]
[EventRounds "9"]
[EventCountry "ROU"]
[SourceTitle "CBM 160 Extra"]
[Source "ChessBase"]
[SourceDate "2014.07.01"]
[SourceVersion "1"]
[SourceVersionDate "2014.07.01"]
[SourceQuality "1"]

1. e4 e5 2. g4 Nf6 3. Nf3 d6 4. d3 Nc6 5. Nc3 h6 6. h3 Be7 7. Be2 0-0 8. 0-0 Be6 9. Be3 d5 10. d4 exd4 11. exd5 Nxd5 12. Bxd4 Nxd4 13. Nxd4 c6 14. f3 Bd6 15. Ne4 Bb8 16. Nxe6 fxe6 17. Nd2 Qd6 18. c3 Qh2# 0-1